000 00806cam a22001931 4500
001 000016361
005 20200929164405.0
008 800610s1960 mx a 000 0 spa
040 _aDO-SdBNP
_bspa
_cBNPHU
245 0 0 _aHistoriadores y cronistas de las misiones /
_cselección y estudio de Julio Tobar Donoso.
260 _aPuebla, México :
_bJ. M. Cajica,
_c1960.
300 _a506 p. : ;
_c22 cm.
490 0 _aBiblioteca ecuatoriana mínima. La colonia y la república
500 _aA cabeza de tít.: Publicación auspiciada por la Secretaría General de la Undécima Conferencia Interamericana, Quito, Ecuador, 1960
650 4 _aIndios de américa del sur
_xMisiones
_936483
650 4 _aMisiones
_zEcuador
_936484
651 4 _aEcuador
_xHistoriografia
_936485
651 4 _aEcuador
_xHistoria
_94781
999 _c15896
_d15896